Report of the Study Group on Preschool Child (Record no. 1449519)

MARC details
000 -LEADER
fixed length control field 00569nam a2200169Ia 4500
005 - DATE AND TIME OF LATEST TRANSACTION
control field 20250923145304.0
008 - FIXED-LENGTH DATA ELEMENTS--GENERAL INFORMATION
fixed length control field 008 250917s9999 xx 000 0 eng d
037 ## - SOURCE OF ACQUISITION
Stock number Textual
040 ## - CATALOGING SOURCE
Original cataloging agency DSWL
Language of cataloging eng
Transcribing agency DSWL
041 ## - LANGUAGE CODE
Language code of text/sound track or separate title eng
Source of code eng
084 ## - COLON CLASSIFICATION NUMBER
Classification number YX,z0(TD);5.2, N72
Assigning agency DSWL
245 #0 - TITLE STATEMENT
Title Report of the Study Group on Preschool Child
Statement of responsibility, etc. by Ministry of Education and Soc. Welfare
260 ## - PUBLICATION, DISTRIBUTION, ETC.
Place of publication, distribution, etc. New Delhi
Name of publisher, distributor, etc. Ministry of Education & Soc. Welfare Govt. of India
Date of publication, distribution, etc. 1972
300 ## - PHYSICAL DESCRIPTION
Extent 99p.
942 ## - ADDED ENTRY ELEMENTS (KOHA)
Koha item type Textual
Classification part YX,z0(TD);5.2, N72
Holdings
Withdrawn status Lost status Damaged status Not for loan Home library Current library Date acquired Source of acquisition Inventory number Total Checkouts Full call number Barcode Date last seen Price effective from Koha item type
        Department of Social Work Library Department of Social Work Library 2025-09-23 Gift, Gift,   YX,z0(TD);5.2, N72 SW0016698 2025-09-23 2025-09-23 Textual
Copyright @ Delhi University Library System